| 000 | 00980nam a2200253Ia 4500 | ||
|---|---|---|---|
| 003 | OSt | ||
| 005 | 20200929134912.0 | ||
| 008 | 191128s2008 ck gr 000 0 spa d | ||
| 020 | _a9789587170474 | ||
| 040 |
_aCO-JMCR _cCO-JMCR |
||
| 041 | 0 | _aspa | |
| 082 | 0 | 4 |
_a615.32425 / _bM992a _223 |
| 100 | 1 |
_aMutis, José Celestino, _eautor _910980 |
|
| 245 | 1 | 0 |
_aEl arcano de la quina / _cJosé Celestino Mutis |
| 250 | _aPrimera edicón | ||
| 260 |
_aBogotá : _bAlcaldia Mayor de Bogotá, _c2008. |
||
| 300 |
_a237 páginas ; _c24 cm. |
||
| 505 | 0 | _aMutis, el sabio que enseño a pensar -- La corteza milagrosa -- El arcano de la quina -- Número 89 (10 de mayo de 1793) --Número 90 (17 de mayo de 1973) -- Número 91 (24 de mayo de 1973) | |
| 650 | 2 | 4 |
_aPapel Periódico _zSantafe de Bogotá ( Colombia) _910981 |
| 650 | 2 | 4 |
_aFacsimilares Quina _zInvestigaciones _910982 |
| 650 | 2 | 4 |
_aObras anteriores a 1800 _xQuina _910983 |
| 650 | 2 | 4 |
_aUso terapéutico _92502 |
| 942 |
_2ddc _cBK |
||
| 999 |
_c4119 _d4119 |
||